| 000 | 00552nam a22001697a 4500 | ||
|---|---|---|---|
| 003 | BD-DhUL | ||
| 005 | 20181122115136.0 | ||
| 008 | 181118s1926 pk ||||| |||| 000 0 urd d | ||
| 040 |
_aBD-DhUL _cBD-DhUL |
||
| 082 |
_a891.431 _bAKN |
||
| 100 | 1 | _aاکبر، جلال الدین | |
| 245 | 0 |
_aنقش الرژنگ ( نظم) / _cجلال الدین اکبر |
|
| 260 |
_aلاہور : _bمحمد اسمعیل مالک رسالہ ہزارواستاں، _c۔۱۹۲۶ |
||
| 300 |
_aص۔ ۱۲۵ ؛ _c۱۷ سم۔ |
||
| 650 | 4 | _aUrdu poetry | |
| 942 |
_2ddc _cBK |
||
| 999 |
_c244754 _d244754 |
||